Fear of flying? Economic analyses of airline safety.

Analýza bezpečnosti komerčného leteckého priemyslu USA. Otázky zvýšenia či poklesu bezpečnosti leteckej dopravy od doby deregulácie leteckého priemyslu - miera nehodovosti 1955-1990. Postih za letecké nehody. Reputácia leteckých spoločností a výrobcov lietadiel.

Saved in:
Bibliographic Details
Main Author: Rose, N.L
Format: Book Chapter
Language:English
Subjects:
Tags: Add Tag
No Tags, Be the first to tag this record!

MARC

LEADER 00000naa a2200000 4500
001 r009290
005 20220913122701.6
041 0 |a eng 
044 |a US 
245 1 0 |a Fear of flying? Economic analyses of airline safety.  |c N.L. Rose 
520 |a Analýza bezpečnosti komerčného leteckého priemyslu USA. Otázky zvýšenia či poklesu bezpečnosti leteckej dopravy od doby deregulácie leteckého priemyslu - miera nehodovosti 1955-1990. Postih za letecké nehody. Reputácia leteckých spoločností a výrobcov lietadiel. 
610 2 0 |a doprava letecká 
610 2 0 |a USA 
610 2 0 |a nehody dopravné 
610 2 0 |a bezpečnosť dopravy 
610 2 0 |a 1955-1990 
610 2 0 |a spoločnosti letecké 
610 2 0 |a analýza ekonomická 
100 1 |a Rose, N.L.